000 00546cam a2200217 4500
008 090401t1993 xxu||||| |||| 00| 0 eng d
020 _a0582216745
035 _a(Sirsi) u271
041 _aeng
050 _a690.026
245 _aBuilding law reports. - Volume 62.
260 _aLondon
_bLongman
_c1993
300 _avi,177p. ; 23cm.
350 _a0
650 _aBUILDING INDUSTRY
650 _aLAW REPORTS
690 _aBUILDING AND CONSTRUCTION-CASE LAW
700 _aLloyd, Humphrey
_xEditor
942 _n0
948 _c04/03/1997
999 _c85513
_d85513